[Event "G7-1 2014"]
[Site "Skorping"]
[Date "2014.04.19"]
[Round "5"]
[White "Christensen, Esben"]
[Black "Molvig, Henrik"]
[Result "0-1"]
[WhiteElo "2037"]
[BlackElo "2087"]
[PlyCount "66"]
[EventDate "2014.??.??"]

1. e4 c5 2. Nf3 d6 3. d4 cxd4 4. Nxd4 Nf6 5. Nc3 a6 6. Bg5 e6 7. f4 Nbd7 8. Qf3
Qc7 9. O-O-O Be7 10. g4 b5 11. Bxf6 Nxf6 12. g5 Nd7 13. a3 Nc5 14. h4 Rb8 15.
f5 b4 16. Ncb5 axb5 17. Bxb5+ Bd7 18. axb4 Bxb5 19. bxc5 e5 20. cxd6 Bxd6 21.
Nxb5 Rxb5 22. Qd3 Rb6 23. g6 O-O 24. gxh7+ Kh8 25. f6 g6 26. Rdf1 Rfb8 27. h5
Rxb2 28. hxg6 fxg6 29. f7 Bf8 30. Rhg1 Qa5 31. Kd1 Rd8 32. Qxd8 Qxd8+ 33. Kc1
Rb6 0-1

[Event "G7-1 2014"]
[Site "Skorping"]
[Date "2014.04.19"]
[Round "5"]
[White "Jensen, Leif"]
[Black "Jensen, Tobias Ilsoe"]
[Result "1/2-1/2"]
[WhiteElo "2007"]
[BlackElo "1964"]
[PlyCount "58"]
[EventDate "2014.??.??"]

1. e4 c5 2. g3 d5 3. d3 e5 4. exd5 Qxd5 5. Qf3 Qe6 6. Nc3 Bd7 7. Qxb7 Bc6 8.
Bg2 Bxb7 9. Bxb7 Nc6 10. Bxa8 Qc8 11. Bxc6+ Qxc6 12. f3 c4 13. dxc4 Bb4 14. Bd2
Bxc3 15. Bxc3 Qxc4 16. O-O-O Qxa2 17. Bxe5 Nf6 18. Ne2 O-O 19. Nc3 Qa1+ 20. Nb1
Qa6 21. Rhe1 Qc6 22. Bxf6 Qxf6 23. f4 Rb8 24. Re5 Qb6 25. b3 Rc8 26. Kb2 g6 27.
Nc3 Qc6 28. Rd3 h5 29. Re2 Qf6 1/2-1/2

[Event "G7-1 2014"]
[Site "Skorping"]
[Date "2014.04.19"]
[Round "5"]
[White "Olsen, Filip Boe"]
[Black "Rossen, Claus"]
[Result "1/2-1/2"]
[WhiteElo "1901"]
[BlackElo "2109"]
[PlyCount "75"]
[EventDate "2014.??.??"]

1. d4 c5 2. c3 b6 3. Bf4 Bb7 4. e3 Nf6 5. Nf3 e6 6. Nbd2 Be7 7. h3 O-O 8. Bd3
d5 9. O-O Ba6 10. Bxa6 Nxa6 11. Ne5 Qe8 12. Qe2 Nb8 13. a4 Nc6 14. Ndf3 Na5 15.
Qb5 Qxb5 16. axb5 Rfc8 17. Nd2 cxd4 18. exd4 Ne8 19. Rfc1 Nd6 20. b4 f6 21.
bxa5 fxe5 22. Bxe5 Nxb5 23. axb6 axb6 24. Rxa8 Rxa8 25. Rb1 Nxc3 26. Rxb6 Ra2
27. Nf3 Kf7 28. Bc7 h5 29. Ne5+ Kf6 30. g4 Ne2+ 31. Kg2 Nxd4 32. Nd7+ Kg5 33.
Be5 Rd2 34. Bxd4 Rxd4 35. Rxe6 Bf6 36. Nxf6 gxf6 37. gxh5 Kf5 38. Re8 1/2-1/2

[Event "G7-1 2014"]
[Site "Skorping"]
[Date "2014.04.19"]
[Round "5"]
[White "Kovshoj, Sune"]
[Black "Schoning, Lars"]
[Result "1-0"]
[WhiteElo "1924"]
[BlackElo "1956"]
[PlyCount "51"]
[EventDate "2014.??.??"]

1. e4 c5 2. Nf3 d6 3. d4 cxd4 4. Nxd4 Nf6 5. Nc3 a6 6. h3 e6 7. g4 d5 8. exd5
Nxd5 9. Nde2 Be7 10. Nxd5 Qxd5 11. Qxd5 exd5 12. Bg2 f5 13. Bxd5 Nc6 14. g5 Nb4
15. Bb3 Bd7 16. Nd4 O-O-O 17. Bf4 Bc5 18. O-O-O Rhe8 19. c3 Bxd4 20. Rxd4 Nc6
21. Rd6 Ne5 22. Rhd1 Nf3 23. Bd5 Ne1 24. Be3 Kc7 25. Bh1 Kc8 26. Bb6 1-0

[Event "G7-1 2014"]
[Site "Skorping"]
[Date "2014.04.19"]
[Round "5"]
[White "Hvid, Jorn Christensen"]
[Black "Jepsen, Thomas Tange"]
[Result "0-1"]
[WhiteElo "1879"]
[BlackElo "2050"]
[PlyCount "88"]
[EventDate "2014.??.??"]

1. e4 c6 2. d4 d5 3. exd5 cxd5 4. Nf3 Nf6 5. Be2 Bg4 6. O-O e6 7. Nc3 Be7 8.
Be3 O-O 9. h3 Bh5 10. Ne5 Bxe2 11. Qxe2 a6 12. Rfd1 Nbd7 13. f4 Rc8 14. a3 Nb6
15. Qf3 g6 16. Kh1 Nc4 17. Bc1 Qc7 18. Nxc4 Qxc4 19. Be3 b5 20. Rdc1 a5 21. Ne2
b4 22. b3 Qc7 23. a4 Ne4 24. Ng3 Qb7 25. Ne2 Rc7 26. Ra2 Rfc8 27. g3 Bf6 28.
Kg2 Bg7 29. Qf1 Rc6 30. Qd1 f6 31. Qd3 Nc3 32. Nxc3 Rxc3 33. Qd2 e5 34. Kh2 e4
35. Rf1 Qc7 36. Rf2 Bf8 37. Rg2 Bd6 38. Qe2 h5 39. Bc1 h4 40. Qg4 hxg3+ 41. Kh1
Kf7 42. f5 Rg8 43. fxg6+ Rxg6 44. Qf5 Qc6 0-1

[Event "G7-1 2014"]
[Site "Skorping"]
[Date "2014.04.19"]
[Round "5"]
[White "Bjerre, Jonas Buhl"]
[Black "Madsen, Svend Aage"]
[Result "1-0"]
[WhiteElo "1952"]
[BlackElo "2071"]
[PlyCount "29"]
[EventDate "2014.??.??"]

1. e4 e5 2. Bc4 Nf6 3. d3 c6 4. Nf3 d5 5. Bb3 Nbd7 6. Nc3 Bb4 7. Bd2 d4 8. Ne2
Bxd2+ 9. Qxd2 Qe7 10. Ng3 Nc5 11. Qg5 a5 12. Nxe5 O-O 13. Nh5 g6 14. Nxf6+ Kg7
15. Nh5+ 1-0

[Event "G7-1 2014"]
[Site "Skorping"]
[Date "2014.04.19"]
[Round "5"]
[White "Andersen, Rune Egede"]
[Black "Glasscock, David"]
[Result "1-0"]
[WhiteElo "2101"]
[BlackElo "1843"]
[PlyCount "33"]
[EventDate "2014.??.??"]

1. e4 d6 2. d4 Nf6 3. Nc3 c6 4. Be3 Qb6 5. Qc1 Ng4 6. Bc4 Nxe3 7. Qxe3 Qxb2 8.
Rb1 Qa3 9. Nf3 e6 10. O-O Be7 11. Rfd1 O-O 12. Nd5 Qxe3 13. Nxe7+ Kh8 14. fxe3
Bd7 15. Rxb7 Re8 16. Rdb1 g6 17. d5 1-0

[Event "G7-1 2014"]
[Site "Skorping"]
[Date "2014.04.19"]
[Round "5"]
[White "Kristensen, Bjarke Hautop"]
[Black "Olsen, Miriam Frida"]
[Result "1/2-1/2"]
[WhiteElo "1940"]
[BlackElo "1880"]
[PlyCount "125"]
[EventDate "2014.??.??"]

1. d4 Nf6 2. c4 e6 3. Nc3 Bb4 4. e3 O-O 5. Nge2 Re8 6. a3 Bf8 7. d5 a5 8. Ng3
Na6 9. Bd3 Nc5 10. Bc2 exd5 11. cxd5 d6 12. O-O g6 13. b3 h5 14. h3 h4 15. Nge2
Bg7 16. Rb1 Nce4 17. Nxe4 Nxe4 18. Bb2 Bxb2 19. Rxb2 Qf6 20. Qd4 Qxd4 21. Nxd4
Nc3 22. e4 Bd7 23. f3 Nb5 24. Nxb5 Bxb5 25. Rd1 g5 26. Bd3 Bd7 27. Rc2 Rac8 28.
Rdc1 c5 29. dxc6 Rxc6 30. Rxc6 Bxc6 31. Bc4 Re5 32. Rd1 b5 33. Bf1 d5 34. Rc1
Re6 35. exd5 Bxd5 36. Rc5 Bxb3 37. Rxb5 a4 38. Rxg5+ Kf8 39. Rg4 Re1 40. Kf2
Ra1 41. Rxh4 Rxa3 42. Bc4 Ra2+ 43. Kg3 Rc2 44. Bxb3 axb3 45. Rb4 b2 46. h4 Kg7
47. Rb6 f5 48. Kh3 f4 49. g3 fxg3 50. Kxg3 Rd2 51. h5 Rc2 52. f4 Rc3+ 53. Kg4
Rc2 54. Kg5 Rg2+ 55. Kf5 Rh2 56. h6+ Rxh6 57. Rb7+ Kf8 58. Rxb2 Kf7 59. Rb7+
Kf8 60. Kg5 Ra6 61. f5 Rc6 62. f6 Rc1 63. Kg6 1/2-1/2

[Event "G7-1 2014"]
[Site "Skorping"]
[Date "2014.04.19"]
[Round "5"]
[White "Poulsen, Peter Risgaard"]
[Black "Andersen, Carl Johan"]
[Result "1-0"]
[WhiteElo "1881"]
[BlackElo "1872"]
[PlyCount "99"]
[EventDate "2014.??.??"]

1. d4 Nf6 2. Bf4 g6 3. Nc3 Bg7 4. Qd2 O-O 5. e4 d6 6. O-O-O Nc6 7. Bh6 e5 8.
Bxg7 Kxg7 9. dxe5 dxe5 10. Qg5 Qe7 11. h4 h6 12. Qg3 Nh5 13. Qe3 Be6 14. Nd5
Bxd5 15. exd5 Nb8 16. Nf3 Nd7 17. Bb5 f6 18. Rhe1 a6 19. Bxd7 Qxd7 20. g3 Rae8
21. Qc5 Qd6 22. Qxd6 cxd6 23. Nd2 Rc8 24. Kb1 f5 25. b3 b5 26. c4 Nf6 27. Rc1
bxc4 28. Nxc4 Rfd8 29. Nb6 Rxc1+ 30. Rxc1 Ne4 31. Rc2 Kf6 32. Rc7 f4 33. g4
Nxf2 34. Nd7+ Rxd7 35. Rxd7 e4 36. Rxd6+ Ke5 37. Rxg6 Kxd5 38. g5 hxg5 39.
Rxg5+ Kd4 40. h5 e3 41. h6 e2 42. Rg1 Ne4 43. h7 f3 44. h8=Q+ Ke3 45. Qe5 Kd3
46. Qd5+ Ke3 47. Kc2 f2 48. Qd3+ Kf4 49. Rg4+ Kxg4 50. Qxe4+ 1-0

[Event "G7-1 2014"]
[Site "Skorping"]
[Date "2014.04.19"]
[Round "5"]
[White "Pedersen, Karsten Nymann"]
[Black "Johansen, Johnny Holler"]
[Result "1/2-1/2"]
[WhiteElo "2053"]
[BlackElo "1909"]
[PlyCount "110"]
[EventDate "2014.??.??"]

1. d4 d5 2. c4 c6 3. Nf3 Nf6 4. Nc3 dxc4 5. a4 Bf5 6. e3 e6 7. Bxc4 Bb4 8. O-O
O-O 9. Qb3 Qb6 10. Ne5 Nbd7 11. Nd3 Be7 12. Qd1 a5 13. Qe2 Bg6 14. Nf4 Rfd8 15.
Rd1 e5 16. Nxg6 hxg6 17. Qc2 Kf8 18. b3 Rac8 19. Bb2 Qc7 20. Ne2 exd4 21. Rxd4
Ne5 22. Rh4 Kg8 23. Nd4 Nxc4 24. Qxc4 Nd5 25. Rh3 Bf6 26. Rc1 Qe7 27. Rf3 c5
28. Ba3 Qd7 29. Ne2 Nb6 30. Qc2 Qd2 31. Ng3 Qxc2 32. Rxc2 Rd1+ 33. Nf1 Nd7 34.
Rd2 Rxd2 35. Nxd2 Ne5 36. Rf4 Rd8 37. Nf1 b6 38. Bb2 Rd3 39. Bxe5 Bxe5 40. Re4
Bf6 41. Re8+ Kh7 42. g4 g5 43. Ng3 Rxb3 44. Ne4 Rb4 45. h4 gxh4 46. g5 Bb2 47.
Re7 Kg6 48. f4 f5 49. Nd6 Kh5 50. Nxf5 Kg4 51. Nxg7 Bxg7 52. Rxg7 Kg3 53. Kf1
Kf3 54. Kg1 Kg3 55. Kf1 Kf3 1/2-1/2

[Event "G7-1 2014"]
[Site "Skorping"]
[Date "2014.04.19"]
[Round "5"]
[White "Jensen, Morten Frank"]
[Black "Christensen, Hans Ulrich Falk"]
[Result "1/2-1/2"]
[WhiteElo "1911"]
[BlackElo "1959"]
[PlyCount "84"]
[EventDate "2014.??.??"]

1. e4 e5 2. Bb5 Nf6 3. d4 c6 4. dxe5 Nxe4 5. Bd3 Nc5 6. f4 Nxd3+ 7. cxd3 d6 8.
Nf3 dxe5 9. fxe5 Bb4+ 10. Nc3 Bg4 11. O-O Qb6+ 12. Kh1 Nd7 13. Bf4 O-O 14. a3
Bxc3 15. bxc3 Qb2 16. Qc1 Qxc1 17. Raxc1 f6 18. d4 Bxf3 19. Rxf3 fxe5 20. dxe5
Rae8 21. Re1 Nc5 22. Bg3 g5 23. Rxf8+ Rxf8 24. Kg1 Kf7 25. Rf1+ Ke7 26. Rxf8
Kxf8 27. Bf2 Ne4 28. Bxa7 Nxc3 29. Kf2 Kf7 30. Ke3 Ke6 31. Bd4 Nb5 32. Bb2 Kd5
33. a4 Nc7 34. Kf3 h5 35. h4 gxh4 36. Kf4 Ne6+ 37. Kf5 c5 38. Kf6 c4 39. a5 Nc5
40. Kf5 Ne6 41. Kf6 Nf4 42. Bc1 Ne6 1/2-1/2

[Event "G7-1 2014"]
[Site "Skorping"]
[Date "2014.04.20"]
[Round "6"]
[White "Sorensen, Torben Kyhl"]
[Black "Bjerre, Jonas Buhl"]
[Result "1-0"]
[WhiteElo "2126"]
[BlackElo "1952"]
[PlyCount "119"]
[EventDate "2014.??.??"]

1. e4 c5 2. c3 Nf6 3. e5 Nd5 4. Nf3 e6 5. Bc4 Nc6 6. d4 cxd4 7. cxd4 d6 8. O-O
Be7 9. Qe2 O-O 10. Nc3 Nxc3 11. bxc3 dxe5 12. dxe5 Qa5 13. Bd2 Rd8 14. Rfe1 Bd7
15. Bb3 Be8 16. Rad1 Rac8 17. Qe4 Qc7 18. h4 Na5 19. Bc2 g6 20. h5 Nc4 21. hxg6
hxg6 22. Bg5 Rxd1 23. Bxd1 Bxg5 24. Nxg5 Qxe5 25. Qxe5 Nxe5 26. Rxe5 f6 27. Bb3
Kh8 28. Bxe6 Rc7 29. Rd5 fxg5 30. Rd8 Re7 31. Bd5 Kg7 32. Bxb7 Rxb7 33. Rxe8
Kf7 34. Ra8 Ke6 35. Kh2 Rc7 36. f3 Kf5 37. Kg3 Kf6 38. c4 Kf5 39. c5 Kf6 40.
Kg4 Kf7 41. a3 Kf6 42. c6 Rxc6 43. Rxa7 Rc4+ 44. Kg3 Rc2 45. Ra8 Rc4 46. a4 Rb4
47. a5 Ra4 48. a6 Kf7 49. Kf2 Ra3 50. Ke2 Kf6 51. Kd2 Kg7 52. Kc2 Ra2+ 53. Kb3
Rxg2 54. a7 Rg3 55. Rc8 Rxf3+ 56. Kb4 Rf4+ 57. Kb5 Rf5+ 58. Kb6 Rf6+ 59. Kb7
Rf7+ 60. Rc7 1-0

[Event "G7-1 2014"]
[Site "Skorping"]
[Date "2014.04.20"]
[Round "6"]
[White "Guindy, Esmat"]
[Black "Kovshoj, Sune"]
[Result "1/2-1/2"]
[WhiteElo "1996"]
[BlackElo "1924"]
[PlyCount "94"]
[EventDate "2014.??.??"]

1. d4 e6 2. c4 Nf6 3. Nc3 c5 4. d5 exd5 5. cxd5 d6 6. g3 g6 7. Bg2 Bg7 8. Nf3
O-O 9. O-O a6 10. a4 Bg4 11. h3 Bxf3 12. Bxf3 Nbd7 13. e4 Re8 14. Qc2 Qc7 15.
Be3 c4 16. Rfe1 Nc5 17. Bxc5 Qxc5 18. a5 Nd7 19. Be2 b5 20. axb6 Nxb6 21. Na4
Nxa4 22. Rxa4 c3 23. Rc4 Qa5 24. bxc3 Rec8 25. Ra4 Qxc3 26. Qxc3 Bxc3 27. Rb1
a5 28. Rb6 Bb4 29. Rc6 Re8 30. Bd3 Rab8 31. Rc2 Rec8 32. Raa2 Rxc2 33. Bxc2 Rc8
34. Ba4 Rc4 35. f3 Bc5+ 36. Kg2 Rc1 37. Bc6 Bb4 38. Bb5 Rd1 39. Ba4 Rd2+ 40.
Rxd2 Bxd2 41. Kf1 g5 42. Ke2 Bc3 43. f4 h6 44. Kf3 gxf4 45. gxf4 Kg7 46. Kg4
Kf6 47. Bc6 Bb2 1/2-1/2

[Event "G7-1 2014"]
[Site "Skorping"]
[Date "2014.04.20"]
[Round "6"]
[White "Jensen, Tobias Ilsoe"]
[Black "Christensen, Esben"]
[Result "1-0"]
[WhiteElo "1964"]
[BlackElo "2037"]
[PlyCount "147"]
[EventDate "2014.??.??"]

1. d4 Nf6 2. c4 c5 3. d5 b5 4. cxb5 a6 5. bxa6 g6 6. Nc3 d6 7. e4 Bxa6 8. Bxa6
Nxa6 9. Nf3 Bg7 10. O-O Qb6 11. Rb1 O-O 12. b3 Ng4 13. Bb2 Qa5 14. Qd2 Rfc8 15.
Na4 Qxd2 16. Nxd2 Bxb2 17. Nxb2 Nb4 18. a4 Rab8 19. Nbc4 Nc2 20. Nf3 f6 21.
Rfc1 Nb4 22. h3 Ne5 23. Nfxe5 fxe5 24. Rc3 Rf8 25. Rb2 Rf4 26. f3 Rff8 27. Rd2
Rb7 28. Na5 Rb6 29. Nc4 Rb7 30. Kf2 Rfb8 31. Na5 Ra7 32. Nc4 Rab7 33. Rb2 Kf7
34. Ke2 Ra8 35. Re3 Rbb8 36. Kd2 Ra6 37. Kc3 e6 38. Rd2 Ke7 39. Re1 Rf8 40. Na3
exd5 41. exd5 Raa8 42. Re4 Rf5 43. Kc4 Rb8 44. Nb5 Rb7 45. Rde2 g5 46. h4 h6
47. hxg5 hxg5 48. Re1 Rb8 49. Rh1 Rbf8 50. Nc3 Nc2 51. Rc1 Nb4 52. Rg4 Rf4+ 53.
Rxf4 gxf4 54. Rh1 Rf7 55. Rh6 Nc2 56. Re6+ Kd7 57. Ne4 Ne3+ 58. Kb5 Nf5 59. Rf6
Nd4+ 60. Kc4 Rxf6 61. Nxf6+ Kc7 62. Ne8+ Kd7 63. Nf6+ Kc7 64. Ne4 Nf5 65. Nf6
Ne3+ 66. Kb5 Nxg2 67. Ne8+ Kd7 68. a5 Ne3 69. a6 Kc8 70. Nxd6+ Kb8 71. Kxc5 Ka7
72. Nc4 e4 73. d6 Kb8 74. a7+ 1-0

[Event "G7-1 2014"]
[Site "Skorping"]
[Date "2014.04.20"]
[Round "6"]
[White "Andersen, Rune Egede"]
[Black "Olsen, Filip Boe"]
[Result "1/2-1/2"]
[WhiteElo "2101"]
[BlackElo "1901"]
[PlyCount "151"]
[EventDate "2014.??.??"]

1. e4 c6 2. c4 d5 3. exd5 cxd5 4. cxd5 Nf6 5. Nc3 Nxd5 6. Nf3 Nc6 7. Bb5 a6 8.
Ba4 e6 9. O-O Bc5 10. d4 Ba7 11. Bg5 Nxc3 12. bxc3 Qd6 13. Re1 O-O 14. Qd3 h6
15. Bxc6 bxc6 16. Bxh6 gxh6 17. Ne5 Qe7 18. Re3 f5 19. Rg3+ Kh7 20. Re1 Rg8 21.
Rxg8 Kxg8 22. Re3 Bd7 23. Rh3 Kg7 24. Qg3+ Qg5 25. Nxd7 Rd8 26. Qe5+ Kf7 27. f4
Qg7 28. Qd6 Bb8 29. Ne5+ Qxe5 30. Qxe5 Bxe5 31. fxe5 Kg6 32. Rg3+ Kf7 33. Rh3
Kg6 34. Rg3+ Kf7 35. Kf1 Rb8 36. Re3 Rb2 37. Re2 Rb1+ 38. Re1 Rb2 39. Re2 Rb1+
40. Kf2 Rc1 41. Rb2 Rxc3 42. Ke2 a5 43. Kd2 Ra3 44. Kc2 f4 45. Rb7+ Kg6 46. Kb2
Rd3 47. Re7 Kf5 48. Rf7+ Ke4 49. Rf6 Rd2+ 50. Kc3 Rxg2 51. Rxe6 Ke3 52. Rxc6
Ke4 53. Rxh6 Rxa2 54. e6 Kd5 55. e7 Re2 56. Rh5+ Kd6 57. Rxa5 Rxe7 58. Rh5 Rf7
59. Ra5 f3 60. Ra1 Kd5 61. Kd3 f2 62. Rf1 Rf4 63. Ke3 Rxd4 64. Rxf2 Rh4 65. Kf3
Ke6 66. Kg3 Rh6 67. Kg4 Rf6 68. Ra2 Kf7 69. h4 Kg6 70. Ra8 Kg7 71. Kg5 Rf7 72.
h5 Rb7 73. Ra5 Kh7 74. h6 Rc7 75. Rd5 Rb7 76. Rc5 1/2-1/2

[Event "G7-1 2014"]
[Site "Skorping"]
[Date "2014.04.20"]
[Round "6"]
[White "Rossen, Claus"]
[Black "Poulsen, Peter Risgaard"]
[Result "0-1"]
[WhiteElo "2109"]
[BlackElo "1881"]
[PlyCount "56"]
[EventDate "2014.??.??"]

1. d4 e6 2. c4 d5 3. Nf3 c6 4. Qc2 f5 5. Bf4 Nf6 6. Nc3 Be7 7. h3 O-O 8. e3 Ne4
9. g4 Nd7 10. gxf5 Nxc3 11. fxe6 Nf6 12. bxc3 Bxe6 13. Ng5 Qd7 14. Be5 Ne4 15.
Nxe4 dxe4 16. Rg1 g6 17. Bg2 Bh4 18. Bf4 Rxf4 19. exf4 e3 20. O-O-O exf2 21.
Rgf1 Bxc4 22. Rxf2 Bxf2 23. Qxf2 Re8 24. Rd2 Qf5 25. Bf1 Qb5 26. Rb2 Qa6 27.
Bg2 Qa3 28. Qg3 Re2 0-1

[Event "G7-1 2014"]
[Site "Skorping"]
[Date "2014.04.20"]
[Round "6"]
[White "Olsen, Miriam Frida"]
[Black "Jensen, Leif"]
[Result "1-0"]
[WhiteElo "1880"]
[BlackElo "2007"]
[PlyCount "77"]
[EventDate "2014.??.??"]

1. e4 e6 2. d4 d5 3. e5 c5 4. c3 Qb6 5. Nf3 Bd7 6. a3 Nc6 7. b4 cxd4 8. cxd4
Rc8 9. Be2 f5 10. O-O g6 11. h4 Nh6 12. Be3 Nf7 13. Qd2 Be7 14. Nc3 Qd8 15. g3
h6 16. Kg2 g5 17. hxg5 hxg5 18. Rh1 g4 19. Rxh8+ Nxh8 20. Nh4 Bxh4 21. gxh4 Kf8
22. Bg5 Qe8 23. h5 Kg8 24. Bf6 Kh7 25. f3 gxf3+ 26. Bxf3 Qf7 27. Ne2 Qf8 28.
Kf2 Qh6 29. Bg5 Qg7 30. Rg1 Rg8 31. b5 Nb8 32. Qb4 Qf7 33. a4 Be8 34. Qd6 Nd7
35. Nf4 Nf8 36. Nxd5 Rxg5 37. Rxg5 exd5 38. Bxd5 Qd7 39. Bg8# 1-0

[Event "G7-1 2014"]
[Site "Skorping"]
[Date "2014.04.20"]
[Round "6"]
[White "Madsen, Svend Aage"]
[Black "Hvid, Jorn Christensen"]
[Result "0-1"]
[WhiteElo "2071"]
[BlackElo "1879"]
[PlyCount "66"]
[EventDate "2014.??.??"]

1. e4 e6 2. b3 a6 3. Bb2 c5 4. e5 Nc6 5. f4 d5 6. exd6 Nf6 7. Nf3 Bxd6 8. g3
O-O 9. Bg2 e5 10. fxe5 Nxe5 11. O-O Qc7 12. Na3 Bg4 13. Qe1 Rfe8 14. Nxe5 Bxe5
15. Bxe5 Rxe5 16. Qc1 Be2 17. Rf4 Rae8 18. Nc4 Bxc4 19. bxc4 Qd7 20. d3 Qa4 21.
Qb2 Qa5 22. Raf1 Qd2 23. Qc1 Qb4 24. Qb1 Qd2 25. Qc1 Qb4 26. a3 Qc3 27. Bxb7
Re2 28. R4f2 Rxf2 29. Kxf2 Ng4+ 30. Kg1 Qd4+ 31. Kh1 Re2 32. Bg2 Nf2+ 33. Rxf2
Qxf2 0-1

[Event "G7-1 2014"]
[Site "Skorping"]
[Date "2014.04.20"]
[Round "6"]
[White "Schoning, Lars"]
[Black "Kristensen, Bjarke Hautop"]
[Result "1-0"]
[WhiteElo "1956"]
[BlackElo "1940"]
[PlyCount "67"]
[EventDate "2014.??.??"]

1. d4 Nf6 2. c4 g6 3. Nc3 d5 4. h4 c5 5. dxc5 d4 6. Nb5 e5 7. Nf3 Nc6 8. e3 a6
9. Nd6+ Bxd6 10. cxd6 Qxd6 11. exd4 e4 12. Ng5 Nxd4 13. Bd2 Bg4 14. Qa4+ Nc6
15. c5 Qxc5 16. Rc1 Qd4 17. Qb3 O-O 18. Be3 Qd7 19. Be2 Bxe2 20. Kxe2 Ne5 21.
Rhd1 Nd3 22. Rc4 Qg4+ 23. Kf1 Nf4 24. Bxf4 Qxf4 25. g3 Qe5 26. Re1 b5 27. Rc6
h6 28. Rxe4 Nxe4 29. Rxg6+ Kh8 30. Nxf7+ Rxf7 31. Qxf7 Nd2+ 32. Kg1 Qe1+ 33.
Kh2 Nf3+ 34. Qxf3 1-0

[Event "G7-1 2014"]
[Site "Skorping"]
[Date "2014.04.21"]
[Round "7"]
[White "Sorensen, Torben Kyhl"]
[Black "Jensen, Tobias Ilsoe"]
[Result "1/2-1/2"]
[WhiteElo "2126"]
[BlackElo "1964"]
[PlyCount "65"]
[EventDate "2014.??.??"]

1. e4 c5 2. c3 Nf6 3. e5 Nd5 4. Nf3 Nc6 5. Bc4 Nb6 6. Bb3 d5 7. d4 cxd4 8. cxd4
Bg4 9. Be3 e6 10. O-O Be7 11. a3 O-O 12. Bc2 Nc4 13. b3 Nxe3 14. fxe3 f5 15.
Nc3 Qa5 16. b4 Qb6 17. Na4 Qc7 18. Bd3 Rab8 19. Rc1 b5 20. Nc5 Qc8 21. Qe2 a6
22. a4 Nxb4 23. axb5 Bxf3 24. gxf3 Nxd3 25. Nxd3 Qb7 26. Nf4 axb5 27. Nxe6 Rfc8
28. Nc5 Bxc5 29. dxc5 Qe7 30. Qd3 Qxe5 31. Rfd1 Rd8 32. c6 Rbc8 33. Rc5 1/2-1/2

[Event "G7-1 2014"]
[Site "Skorping"]
[Date "2014.04.21"]
[Round "7"]
[White "Molvig, Henrik"]
[Black "Guindy, Esmat"]
[Result "1/2-1/2"]
[WhiteElo "2087"]
[BlackElo "1996"]
[PlyCount "39"]
[EventDate "2014.??.??"]

1. d4 d5 2. c4 e6 3. Nc3 Be7 4. Nf3 Nf6 5. Bg5 Nbd7 6. e3 O-O 7. Rc1 Re8 8. Qc2
c6 9. Bd3 Nf8 10. O-O Nh5 11. Bxe7 Rxe7 12. Rfe1 f5 13. cxd5 cxd5 14. Qb3 Nf6
15. Re2 Rc7 16. Rec2 Bd7 17. Ne5 Rac8 18. f3 Be8 19. Qa3 a6 20. Qb4 1/2-1/2

[Event "G7-1 2014"]
[Site "Skorping"]
[Date "2014.04.21"]
[Round "7"]
[White "Poulsen, Peter Risgaard"]
[Black "Jepsen, Thomas Tange"]
[Result "0-1"]
[WhiteElo "1881"]
[BlackElo "2050"]
[PlyCount "102"]
[EventDate "2014.??.??"]

1. d4 d5 2. Bf4 Nf6 3. e3 c5 4. c3 Qb6 5. Qb3 c4 6. Qc2 g6 7. Nd2 Bf5 8. Qc1
Qc6 9. Ngf3 Nbd7 10. h3 Bg7 11. Be2 O-O 12. Ne5 Nxe5 13. Bxe5 Bh6 14. g4 Be4
15. Rg1 Nd7 16. Bh2 Qe6 17. Nf1 Qf6 18. Qd1 Qh4 19. g5 Bxg5 20. Bg4 Nf6 21. Bg3
Qh6 22. f4 Bh4 23. Qd2 Bd3 24. Qf2 Ne4 25. Qh2 Nxg3 26. Nxg3 e6 27. Kd2 f5 28.
Be2 Bxe2 29. Qxe2 b5 30. Nf1 Be7 31. Nh2 b4 32. Nf3 Rfb8 33. Ne5 bxc3+ 34. Kxc3
Bb4+ 35. Kc2 Bd6 36. Nf3 Rb6 37. Ng5 Be7 38. Nf3 Rab8 39. Rab1 Qxh3 40. Ne5
R8b7 41. Qf2 Bd6 42. Nf3 Qh6 43. Rg2 Qf8 44. Ng5 Qe8 45. Qh4 Qa4+ 46. Kc1 c3
47. b3 Qa3+ 48. Kd1 Qa6 49. Ke1 Qd3 50. Kf2 Qxb1 51. Nxe6 Be7 0-1

[Event "G7-1 2014"]
[Site "Skorping"]
[Date "2014.04.21"]
[Round "7"]
[White "Kovshoj, Sune"]
[Black "Andersen, Rune Egede"]
[Result "1-0"]
[WhiteElo "1924"]
[BlackElo "2101"]
[PlyCount "75"]
[EventDate "2014.??.??"]

1. e4 e6 2. d4 d5 3. Nc3 Nf6 4. Bg5 Be7 5. e5 Nfd7 6. Bxe7 Qxe7 7. f4 a6 8. Nf3
c5 9. Qd2 Nc6 10. dxc5 Qxc5 11. O-O-O b5 12. Kb1 Nb6 13. Bd3 b4 14. Ne2 a5 15.
Ned4 Nxd4 16. Nxd4 O-O 17. Nb3 Qc7 18. g4 Ba6 19. Rhe1 a4 20. Nc1 Bxd3 21. Qxd3
Nc4 22. f5 Rfb8 23. Re2 b3 24. cxb3 axb3 25. Nxb3 Nxe5 26. Qg3 Qa7 27. Nc1 Nc4
28. fxe6 fxe6 29. g5 Qb6 30. Rd3 e5 31. Rxd5 Nxb2 32. Nb3 Nc4 33. Qd3 Qg1+ 34.
Qd1 Qxg5 35. Rc5 Qg6+ 36. Ka1 Rxb3 37. Qd5+ Kf8 38. Rf2+ 1-0

[Event "G7-1 2014"]
[Site "Skorping"]
[Date "2014.04.21"]
[Round "7"]
[White "Olsen, Filip Boe"]
[Black "Rasmussen, Henning Lau"]
[Result "1-0"]
[WhiteElo "1901"]
[BlackElo "2100"]
[PlyCount "84"]
[EventDate "2014.??.??"]

1. d4 d5 2. Bf4 Nf6 3. e3 Bf5 4. c4 e6 5. Nc3 dxc4 6. Bxc4 Bd6 7. Bg3 O-O 8.
Nf3 c5 9. O-O Bxg3 10. hxg3 Qe7 11. Qe2 Nc6 12. Rfd1 Bg4 13. d5 Ne5 14. d6 Qd8
15. Bb3 a6 16. Bc2 Qb6 17. Rac1 Rfd8 18. Na4 Qa7 19. Nxc5 Rac8 20. Nd3 Nc6 21.
Nf4 g5 22. Nd3 h6 23. Nde1 e5 24. e4 Nd4 25. Qe3 Rxd6 26. Bb3 Rxc1 27. Rxc1 Qb6
28. Nxd4 exd4 29. Qd3 Nd7 30. Qd2 Nc5 31. Bd5 Ne6 32. Nd3 Kg7 33. Ne5 Bh5 34.
Nc4 Qd8 35. Nxd6 Qxd6 36. Rc4 b5 37. Rc6 Qe5 38. Rxa6 Nc5 39. Rc6 Na4 40. f4
Qb8 41. Qxd4+ Kh7 42. Be6 Bg6 1-0

[Event "G7-1 2014"]
[Site "Skorping"]
[Date "2014.04.21"]
[Round "7"]
[White "Bjerre, Jonas Buhl"]
[Black "Schoning, Lars"]
[Result "1-0"]
[WhiteElo "1952"]
[BlackElo "1956"]
[PlyCount "89"]
[EventDate "2014.??.??"]

1. e4 c5 2. Nc3 e6 3. f4 d6 4. Nf3 Nf6 5. d3 Be7 6. g3 Nc6 7. Bg2 O-O 8. O-O
Qc7 9. h3 Bd7 10. Be3 Rad8 11. g4 Ne8 12. f5 Ne5 13. Nxe5 dxe5 14. g5 c4 15.
dxc4 Qxc4 16. Qg4 exf5 17. exf5 Qxg4 18. hxg4 Bc6 19. Bxc6 bxc6 20. Ne4 f6 21.
Bxa7 fxg5 22. Be3 h6 23. Rfd1 Nf6 24. Nxf6+ gxf6 25. a4 Kf7 26. Bb6 Rxd1+ 27.
Rxd1 Ra8 28. a5 Bb4 29. Ra1 Ra6 30. c3 Bd6 31. b4 Ke7 32. Kf2 Bb8 33. Rh1 Ba7
34. Bxa7 Rxa7 35. Rxh6 Ra8 36. Ke3 c5 37. Kd3 cxb4 38. cxb4 e4+ 39. Kxe4 Rb8
40. Kd5 Rxb4 41. Rh7+ Ke8 42. Ke6 Re4+ 43. Kxf6 Rxg4 44. a6 Ra4 45. a7 1-0

[Event "G7-1 2014"]
[Site "Skorping"]
[Date "2014.04.21"]
[Round "7"]
[White "Hvid, Jorn Christensen"]
[Black "Olsen, Miriam Frida"]
[Result "0-1"]
[WhiteElo "1879"]
[BlackElo "1880"]
[PlyCount "58"]
[EventDate "2014.??.??"]

1. e4 c5 2. Nf3 e6 3. c3 d5 4. exd5 Qxd5 5. Bb5+ Bd7 6. Bxd7+ Nxd7 7. O-O Ngf6
8. d4 Be7 9. Be3 O-O 10. Qe2 cxd4 11. Nxd4 Rac8 12. Nd2 b6 13. Rfd1 Qb7 14.
N2f3 a6 15. Ng5 Nc5 16. Bf4 h6 17. Ngf3 b5 18. a3 Na4 19. Re1 Rfe8 20. Rad1 Nb6
21. Ne5 Nc4 22. Nxc4 Rxc4 23. Rd3 Rc5 24. Rg3 Nh5 25. Rf3 Nxf4 26. Rxf4 Bg5 27.
Rf3 Bf6 28. Nf5 Re5 29. Nxh6+ gxh6 0-1

[Event "G7-1 2014"]
[Site "Skorping"]
[Date "2014.04.21"]
[Round "7"]
[White "Jensen, Leif"]
[Black "Rossen, Claus"]
[Result "1-0"]
[WhiteElo "2007"]
[BlackElo "2109"]
[PlyCount "43"]
[EventDate "2014.??.??"]

1. e4 d6 2. f4 g6 3. Nf3 Bg7 4. c3 e5 5. d3 Nc6 6. g3 h5 7. Bg2 Bg4 8. h3 Bxf3
9. Qxf3 Nh6 10. Na3 f5 11. Nc2 Qd7 12. Bd2 Qf7 13. O-O O-O-O 14. exf5 Nxf5 15.
fxe5 Bxe5 16. d4 Bf6 17. g4 hxg4 18. hxg4 Qh7 19. gxf5 Qh2+ 20. Kf2 Bh4+ 21.
Ke2 Rhe8+ 22. Kd1 1-0

[Event "G7-1 2014"]
[Site "Skorping"]
[Date "2014.04.21"]
[Round "7"]
[White "Christensen, Esben"]
[Black "Christensen, Hans Ulrich Falk"]
[Result "1/2-1/2"]
[WhiteElo "2037"]
[BlackElo "1959"]
[PlyCount "24"]
[EventDate "2014.??.??"]

1. e4 e5 2. Nf3 Nf6 3. Nc3 Bb4 4. d3 d5 5. exd5 Nxd5 6. Bd2 O-O 7. Nxd5 Bxd2+
8. Qxd2 Qxd5 9. Be2 c5 10. O-O Nc6 11. Rfe1 f6 12. a3 a5 1/2-1/2